000 00305nam a2200121Ia 4500
008 180117s9999 xx 000 0 und d
100 _aby Maricris D Martin
245 _aStories from Home
260 _c2017
300 _a14-16 pages, 2017 November 12
440 _aPhilippine Panorama
650 _aHOME
999 _c353297
_d353297